000 00482cam a2200205ua 4500
001 7767
008 141223n ii |||gr||||Z||||||ben
020 _a8176122742
040 _cMAIN
041 _aben
082 _a920
100 _aBasu, N.,
_eAuthor.
245 1 _aTarasankarer silpimanas
_cBy Nitai Basu
250 _a2nd.
260 _aKolkatta:
_bDey,
_c1998.
300 _a292p.
653 _aBiography, genealogy & insignia
653 _aBengali biography
942 _cBK
999 _c6888
_d6888